000 00268nam a22001097a 4500
008 170120b xxu||||| |||| 00| 0 eng d
020 _a1578010284
041 _aeng
080 _23RD
_a618.2
245 _aESSENTIALS OF MATERNAL-CHILD NURSING
_cCONRAD. L
942 _2udc
_cBK
999 _c3336
_d3336